| 000 | 02123cam a2200589 4500 | ||
|---|---|---|---|
| 008 | 090401t1994 xxu||||| |||| 00| 0 eng d | ||
| 020 | _a0471952737 | ||
| 035 | _a(Sirsi) u63293 | ||
| 041 | _aeng | ||
| 050 |
_a614.7026 _c18 |
||
| 110 |
_aKing's College London _bCentre of Construction Law and Management _92173 |
||
| 245 | _aConstruction, law and the environment | ||
| 260 |
_aChichester _bChancery Law Publishing Ltd. _c1994 |
||
| 300 |
_axxxii, 317p. _c23cm. |
||
| 350 | _a35 | ||
| 505 | _aEnvironmental protection | ||
| 505 | _aBuilding a greener Europe | ||
| 505 | _aThe international perspective, including Japan | ||
| 505 | _aWaste: its disposal and use | ||
| 505 | _aHazardous substances and clean-up | ||
| 505 | _aContaminated land and groundwater problems | ||
| 505 | _aHazardous waste liability issues...in the US | ||
| 505 | _aConstruction sites and the human factor | ||
| 505 | _aRisk assessment and environmental audit for contaminated land | ||
| 505 | _aEnvironmental management systems and construction | ||
| 505 | _aProfessional liability, risk transfer and contract documents | ||
| 505 | _aThe use of dangerous materials | ||
| 505 | _aEuropean Commission Green Paper on remedying environmental damage | ||
| 505 | _aThe Cambridge Water Company case | ||
| 520 | _aProceedings of the Sixth Annual Construction Conference of the Centre of Construction Law and Management, King's College London. | ||
| 650 | _aCAMBRIDGE WATER CO LTD V EASTERN COUNTIES LEATHER PLC | ||
| 650 | _aUNITED STATES | ||
| 690 | _aBUILT ENVIRONMENT-SUSTAINABLE CONSTRUCTION | ||
| 700 |
_aUff, John _xEditor |
||
| 700 |
_aGarthwaite, Helen _xEditor |
||
| 700 |
_aBarber, John _xEditor |
||
| 700 | _aAeberli, P. | ||
| 700 | _aPersaud, I. | ||
| 700 | _aJones, D. | ||
| 700 | _aSpedding, L. | ||
| 700 | _aBarber, P. | ||
| 700 | _aJefferis, S. A. | ||
| 700 | _aRenger, M. | ||
| 700 | _aYoung, P. J. | ||
| 700 | _aKannry, J. S. | ||
| 700 | _aMendelblat, M. | ||
| 700 | _aNaughton, P. | ||
| 700 | _aRenger, M. | ||
| 700 | _aPhillips, V. | ||
| 942 | _n0 | ||
| 948 | _c04/03/1997 | ||
| 999 |
_c94525 _d94525 |
||